000
00321 a2200157 4500
001
66485
020
_a
9788565206952
040
_c
Anchieta - Pituba
100
_a
Meunier, Henri
240
1
0
_a
Cem grilos
_l
por
245
1
0
_a
Cem grilos
300
_a
46
362
0
_a
2015
650
4
_a
Literatura juvenil
942
_c
BK
999
_c
66485
_d
66485